| 000 | 00453nam a2200169Ia 4500 | ||
|---|---|---|---|
| 008 | 230917s9999||||xx |||||||||||||| ||und|| | ||
| 020 | _cRS225 | ||
| 040 |
_e257493 _aMAIN |
||
| 041 | _aEnglish | ||
| 082 | _a346.0486 B227P | ||
| 100 | _aBare Act(Universal) | ||
| 245 | 0 | _aPatents act, 1970 (39 of 1970) | |
| 260 |
_aGurgaon _bLexisNexis _c2019 |
||
| 300 | _axiv, 219 p. | ||
| 500 | _a3585 19/08/2019 RBP19/76691 06/09/2019 Main Budget | ||
| 942 | _cBK | ||
| 999 |
_c32580 _d32580 |
||